000 01057cam a2200133 4500500
005 20260405065510.0
041 _afre
042 _adc
100 1 0 _aMoor, Pierre
_eauthor
245 0 0 _aPour une théorie micropolitique du droit
260 _bPresses Universitaires de France,
_c2005.
520 _aSi les principes fondamentaux du droit public ont pour fonction de régir les activités publiques et les libertés des particuliers, il sont régulièrement remis en cause par différents phénomènes, d’où l’importance de l’analyse de leur juridicité. Comment traversent-ils les vicissitudes de leur histoire ? Comment continuent-ils d’être opératoires ? Tel est l’objet de cet ouvrage, montrer que structurés en système, ces principes posent une exigence générale de rationalité que le droit a pour fonction de réaliser, avec les instruments que lui fournit la politique.
856 4 1 _uhttps://droit.cairn.info/pour-une-theorie-micropolitique-du-droit--9782130543688?lang=fr&redirect-ssocas=7080
999 _c2196377
_d2196377